000 00600cam a2200205 a 4500
001 3523258
005 20240220073018.0
008 960214s1996 enk b 001 0 eng
020 _a0415097266 (alk. paper)
040 _aDLC
_cDLC
_dDLC
082 0 0 _a320/.092
_220
_bJER.
100 1 _aShearmur, Jeremy,
245 1 4 _aThe political thought of Karl Popper /
_cJeremy Shearmur.
260 _aLondon ;
_aNew York :
_bRoutledge,
_c1996.
300 _axi, 217 p. ;
650 _aPolitical
650 _aDevelopment
856 4 2 _uhttp://www.loc.gov/catdir/enhancements/fy0648/96007016-d.html
942 _cL
999 _c444
_d444